Polyhedra

Αποθηκεύτηκε σε:
Λεπτομέρειες βιβλιογραφικής εγγραφής
Κύριος συγγραφέας: Cromwell, Peter R. 1964-
Μορφή: Βιβλίο
Γλώσσα:English
Δημοσίευση: Cambridge, U.K. : Cambridge University Press, c1997
Θέματα:
Ετικέτες: Προσθήκη ετικέτας
Δεν υπάρχουν, Καταχωρήστε ετικέτα πρώτοι!

MARC

LEADER 00000nam a2200000 i 4500
001 1/2478
008 000508s1997 eng d
020 |a 0521664055 
035 |l 10060444 
040 |a GR-MY-UA  |b gre  |e aacr 
041 0 |a eng 
082 0 |a 516.15 
100 1 |a Cromwell, Peter R.  |d 1964- 
245 1 0 |a Polyhedra /  |c Peter R. cromwell 
260 |a Cambridge, U.K. :   |b Cambridge University Press,   |c c1997 
300 |a xiii, 451 p.;  |b ill.;  |c 25 cm. 
504 |a Includes bibliographical references and index 
650 0 0 |a Polyhedra. 
852 |a INST  |b SAMOS  |e 20000508  |h 516.15 CRO  |p 005300017114  |q 005300017114  |t BK  |y 0 
901 |a BIBL3-2000-2 
909 |a Σ  |b 067238 
922 |a 3ΕΛΗ  |b 199909  |c ΕΠΕΑΕΚ/ΜΑΘ  |d ΠΑΠΑΣΩΤΗΡΙΟΥ 
970 |a ΠΟΥΡΝΑΡΑΣ  |b ΔΗΜΗΤΡΗΣ  |z 2000/05/08